Statistics for Countries with the Most Centenarians per 100,000

Click here to take the quiz!

General Stats

  • This quiz has been taken 82 times
  • The average score is 14 of 20

Answer Stats

#Country% Correct
72.1Japan
100%
27.8Spain
97%
28.2Germany
94%
29.0Italy
94%
28.0United States
94%
38.4France
91%
48.8Portugal
91%
42.4South Korea
91%
33.5Canada
84%
24.1Norway
81%
32.1Australia
78%
26.4Singapore
78%
39.5Thailand
63%
134.7Malaysia
59%
34.6Hungary
56%
35.1Israel
50%
52.0Romania
50%
34.4Argentina
44%
39.9Barbados
25%
30.1South Africa
22%

Score Distribution

Percentile by Number Answered

Percent of People with Each Score

Your Score History

You have not taken this quiz